Quizzes
Events
Quiz Creation
Community
Videos
Private Events
Remove Ads
Sign In
Join for FREE
Feedback
Dark Mode
Quiz Categories
Sports
Geography
Music
Movies
Television
Just For Fun
Miscellaneous
History
Literature
Language
Science
Gaming
Entertainment
Religion
Holiday
For Kids
Quiz Lab
Recent
Popular Today
Quiz Kudos Today
Editor Picks
Curator Picks
Quizzes by...
Day
Popularity
Type
Ratings
Length
Year
Community
Subscriptions
Recent Discussions
Orange Saloon
Badges
Playlists
Quests
Create
Leaderboards
Showdown
Live 5
Trivia Bingo
Activity
Puzzle Library
Sporcle Events
Private Events
Virtual Trivia
Globe League
Become a Host
Pub Owners
SporcleCon
Opinionation
Our Games
Videos
Blog
Mobile Apps
Partnerships
Remove Ads and Go Orange
Feedback
Music
Pop Music
The Beatles
Song
Album
Lyrics
Bands
Singers
Artist
Clip
Rock
Rap
Classical
Billboard
Country Music
Kpop
Taylor Swift
Music
Pop Music
The Beatles
Song
Album
Lyrics
Bands
Singers
Artist
Clip
Rock
Rap
Classical
Billboard
Country Music
Kpop
Taylor Swift
Random Quiz
Search Sporcle
×
Quiz Lab
Quiz Lab
Music
Album
Type in answers that appear in a list
Type in answers that appear in a list
Classic
Best Score? Go Orange.
Pixies' Doolittle Songs Stats
Can you name the songs on The Pixies' 'Doolittle' album?
By
sporcloid
4m
15 Questions
483 Plays
483 Plays
483 Plays
Comments
Comments
Give Quiz Kudos
Give Quiz Kudos
-
- Ratings
hide this ad
Replay
Link that replays current quiz
Next Quiz
Link to next quiz in quiz playlist
You Got
0%
They Got
Avg Score
73%
Avg Friend Score
Upgrade to see
Score Distribution
Jump to the score distribution portion of the page
Score
0/15
Timer
04:00
0
Plays Today
Track Number
Title
% Correct
1
Debaser
94.6%
7
Monkey Gone to Heaven
83.6%
5
Here Comes Your Man
82.8%
3
Wave of Mutilation
82.4%
13
Hey
81.7%
2
Tame
78.8%
15
Gouge Away
77.6%
14
Silver
71.2%
Track Number
Title
% Correct
8
Mr. Grieves
70.7%
9
Crackity Jones
69.7%
4
I Bleed
66.2%
10
La La Love You
64.9%
11
No. 13 Baby
62.9%
6
Dead
59.5%
12
There Goes My Gun
57.1%
Quiz Playlist
Details
Report
Send in Message
Add To Playlist
Classic:
Type in answers that appear in a list
Quiz Source
Last Updated: Feb 16, 2017
Quiz Scoreboard
CHALLENGE
Sign Up to Join the Scoreboard
Show All
Scores
Hide
Comments
May contain spoilers
Recently Published
1-10 Letter E Words III
by El_Dandy
Language
2m
One Thing in Common: World Cities II
by knightlancer
Geography
7m
Popular People in 1961
by mucciniale
History
6m
More to Explore
Quiz From the Vault
Featured Blog Post
Where Did the Easter Bunny Come From?
hide this ad
You Might Also Like...
Tags
Album Quiz
Numbers Quiz
Song Quiz
doolittle
Pixy
The Pixies
track
Today's Top Quizzes in Music
Browse Music
hide this ad
Today's Top Quizzes in Album
Browse Album
Top Contributed Quizzes in Music
1
Taylor Swift All Songs (2024)
2
Taylor Swift Logic Puzzle
3
2010s Album by Cover III
4
Guess the Taylor Swift song (Mystery Song)
5
One Thing in Common: Music
6
Guess the Artist- 70s Songs
7
2010s Album by Cover IV
8
2010s Album by Cover V
9
Get the Picture: Carrie or Dolly
10
Lana Del Rey Discography (BTD to DYKTTATUOB)
Explore More
Trending Topics
Marvel
Kpop
Crossword
Harry Potter
Disney
NBA
Anime
Pokémon
The Office
Puzzle
Country
Soccer
NFL
WWE
Song
hide this ad
More By:
sporcloid
Quiz
Plays
Rating
Category
Featured
Created
Double Letters Countries
73,718
4.53
Geography
Sep 25, 2009
Harry Potter or Not?
5,953
4.18
Literature
Nov 30, 2014
Wingardium What?
4,026
4.46
Literature
Jul 17, 2015
AJPW Triple Crown Champions
1,720
4.75
Sports
Sep 27, 2009
Chicken McNugget Shapes (Clickable)
944
2.44
Miscellaneous
Sep 5, 2015
Go to Creator's Profile
Score Distribution
Quiz Creator Spotlight
sporcloid
Follow
Send a Message
Quizzes Created
-
Created Quiz Play Count
-
More By This Creator
Popular Quizzes Today
1
Find the US States - No Outlines Minefield
2
The Countries of the World
3
Popular People in 1961
4
Find the Countries of Europe - No Outlines Minefield
5
1-10 Letter E Words III
6
Find the US States
7
One Thing in Common: World Cities II
8
US States
More Music Quizzes
The Final Word: Led Zeppelin Songs
Published
Trending Quizzes
1-10 Letter F Words
One Thing in Common: Music
1-10 Letter G Words
Risky Map Clicking: Next State Alphabetically
1-10 Letter F Words II
Recently Updated
Leaping Animals
pecheneg
Reality TV Shows (A-Z)
bhenderson79
Rickey Henderson's Hall of Fame Teammates
pecheneg
Champions League XIs: Arsenal
pecheneg
Quick Pick: Celebrities in WWE's Hall of Fame
aduchscher
A-Z Keypad Blitz II
pecheneg
Multiple Oscar Actors
pecheneg
Mystery Phrase Blitz: Oscar 'Best Actors'
pecheneg
F. Scott Fitzgerald Novels
LTH
Pick 3 Villains
ddd62291
Trending Topics
Kpop
Crossword
Harry Potter
Anime
NBA
Disney
Marvel
Song
Soccer
WWE
Puzzle
Pokémon
NFL
The Office
Country
Your Account Isn't Verified!
In order to create a playlist on Sporcle, you need to verify the email address you used during registration. Go to your
Sporcle Settings
to finish the process.
Report this User
Report this user for behavior that violates our
Community Guidelines
.
Details:
Send Report
Go to the Sporcle.com Mobile Site →
Comments